000 00332nam a22001457a 4500
008 240311b |||||||| |||| 00| 0 eng d
020 _a9789354661471
040 _a02
082 _a615.190(SOL)
100 _aSOLOMAN,V RAJA
245 _aTEXT BOOK OF COMPUTER AIDED DRUG DESIGN
260 _bCBS
300 _a156
942 _c01
999 _c58547
_d58547